Product & process design

Esta leccin̤ No 28 se enfoca en los principales aspectos y elementos de diseǫ de producto y de procesos.

Uloženo v:
Podrobná bibliografie
Další autoři: Kanda Arun, Canal NPTEL / Youtube
Médium: Kniha
Jazyk:angličtina
Témata:
On-line přístup:Product & process design
Tagy: Přidat tag
Žádné tagy, Buďte první, kdo vytvoří štítek k tomuto záznamu!

MARC

LEADER 00000nam a22000004a 4500
001 vpro3199
005 20201223000000.0
008 121019s2012 ck # g## #001 0#eng#d
020
022
040 |a CO-BoINGC 
041 0 |a eng 
245 1 0 |a Product & process design 
246 |a Diseǫ de producto y de procesos 
264 |a Bogot ̀(Colombia) :  |b Revista VirtualPRO,  |c 2012 
520 3 |a Esta leccin̤ No 28 se enfoca en los principales aspectos y elementos de diseǫ de producto y de procesos. 
650 \ \ |a Gestin̤ de proyectos 
650 \ \ |a Evaluacin̤ de proyectos 
650 \ \ |a Gestin̤ de la produccin̤ 
650 \ \ |a Project management 
650 \ \ |a Project evaluation 
650 \ \ |a Production management 
650 \ \ |a proyectos de ingeniera̕ 
650 \ \ |a diseǫ de producto 
650 \ \ |a diseǫ de procesos 
650 \ \ |a engineering projects 
650 \ \ |a product design 
650 \ \ |a process design  
700 \ \ |a Kanda Arun  
700 \ \ |a Canal NPTEL / Youtube. 
856 |z Product & process design  |u https://virtualpro.unach.elogim.com/biblioteca/diseno-de-producto-y-de-procesos